[Event "TUR-chT2"]
[Site "Konya"]
[Date "2017.07.14"]
[Round "8.14"]
[White "Gidelim, Ozden"]
[Black "Gok, Fatih"]
[Result "0-1"]
[WhiteElo "1666"]
[BlackElo "1970"]
[PlyCount "41"]
[EventDate "2017.07.09"]
[EventType "team-swiss"]
[EventRounds "9"]
[EventCountry "TUR"]
[SourceTitle "CBM 179 Extra"]
[Source "ChessBase"]
[SourceDate "2017.08.23"]
[SourceVersion "1"]
[SourceVersionDate "2017.08.23"]
[SourceQuality "1"]
[WhiteTeam "Atakum Belediye"]
[BlackTeam "Selcuklu Belediyesi"]
[WhiteTeamCountry "TUR"]
[BlackTeamCountry "TUR"]

1. e4 c5 2. Nf3 d6 3. d4 cxd4 4. Nxd4 Nf6 5. Nc3 a6 6. Bc4 e6 7. Bg5 Be7 8. Qd2 b5 9. Bxf6 Bxf6 10. Bb3 Bb7 11. f3 Nc6 12. Nce2 Qb6 13. c3 Rc8 14. Rd1 Na5 15. Bc2 0-0 16. b3 Rfd8 17. Qd3 g6 18. Qe3 Qc7 19. f4 Nc6 20. Qf3 Nb4 21. cxb4 0-1

[Event "TUR-chT2"]
[Site "Konya"]
[Date "2017.07.11"]
[Round "4.14"]
[White "Gidelim, Ozden"]
[Black "Mataraci, Omer Baransel"]
[Result "1/2-1/2"]
[WhiteElo "1666"]
[BlackElo "1688"]
[PlyCount "114"]
[EventDate "2017.07.09"]
[EventType "team-swiss"]
[EventRounds "9"]
[EventCountry "TUR"]
[SourceTitle "CBM 179 Extra"]
[Source "ChessBase"]
[SourceDate "2017.08.23"]
[SourceVersion "1"]
[SourceVersionDate "2017.08.23"]
[SourceQuality "1"]
[WhiteTeam "Atakum Belediye"]
[BlackTeam "Genclik Elazig"]
[WhiteTeamCountry "TUR"]
[BlackTeamCountry "TUR"]

1. e4 c5 2. Nf3 d6 3. Bb5+ Nc6 4. d4 cxd4 5. Nxd4 Bd7 6. Nxc6 bxc6 7. Bd3 Nf6 8. c4 e5 9. Nc3 Be7 10. 0-0 0-0 11. f4 Ng4 12. Qe2 exf4 13. Bxf4 Qb6+ 14. Kh1 Ne5 15. Rab1 Be6 16. Be3 Qb4 17. c5 dxc5 18. a3 Qa5 19. Rfc1 Rfd8 20. Bc2 c4 21. h3 Nd3 22. Bxd3 cxd3 23. Qd2 Bf6 24. Nd5 Qxd2 25. Nxf6+ gxf6 26. Bxd2 Rab8 27. b4 Rd4 28. Rxc6 Rxe4 29. Rd6 Re2 30. Rxd3 Kf8 31. Bh6+ Ke7 32. Rc1 Rb7 33. Rdc3 Bd5 34. Re3+ Rxe3 35. Bxe3 Ke6 36. Rc5 Rb8 37. Kg1 Rg8 38. Rc2 a6 39. Bf4 Kf5 40. g3 Ke4 41. Kf2 h5 42. h4 f5 43. Re2+ Kd4 44. Be3+ Kc3 45. Rd2 Bc4 46. Rd6 Rg6 47. Rd8 Kb3 48. Bc1 Kc2 49. Rc8 Kxc1 50. Rxc4+ Kb2 51. Rc5 Kxa3 52. Rxf5 Kxb4 53. Rxf7 Rh6 54. Rb7+ Kc4 55. Kf3 a5 56. Re7 Kb4 57. Rb7+ Kc4 1/2-1/2